Catálogo - Centro de Recursos para el Aprendizaje y la Investigación

Volver al Sitio - CRAI Biblioteca

Comentando la decisión de un juez deshonesto / (Registro nro. 113556)

Detalles MARC
000 -CABECERA
campo de control de longitud fija 00721nam a2200241Ia 4500
001 - NÚMERO DE CONTROL
campo de control 113556
003 - IDENTIFICADOR DEL NÚMERO DE CONTROL
campo de control DR-UNIBE
005 - FECHA Y HORA DE LA ÚLTIMA TRANSACCIÓN
campo de control 20251101062551.0
008 - DATOS DE LONGITUD FIJA--INFORMACIÓN GENERAL
campo de control de longitud fija 250506b2006 dr ||||| |||| 00| 0 spa d
040 ## - FUENTE DE LA CATALOGACIÓN
Centro catalogador/agencia de origen BIBLIOTECA UNIBE
Centro/agencia transcriptor BIBLIOTECA UNIBE
Normas de descripción rda
041 ## - CÓDIGO DE LENGUA
Código de lengua del texto/banda sonora o título independiente spa
082 ## - NÚMERO DE LA CLASIFICACIÓN DECIMAL DEWEY
Número de clasificación F-RD 5962
100 #0 - ENTRADA PRINCIPAL--NOMBRE DE PERSONA
Nombre de persona Lockward, Ángel
Término indicativo de función/relación autor
9 (RLIN) 31808
245 10 - MENCIÓN DE TÍTULO
Título Comentando la decisión de un juez deshonesto /
Mención de responsabilidad, etc. Angel Lockward
260 ## - PUBLICACIÓN, DISTRIBUCIÓN, ETC.
Lugar de publicación, distribución, etc. Santo Domingo :
Nombre del editor, distribuidor, etc. [Editor no identificada],
Fecha de publicación, distribución, etc. 2006
300 4# - DESCRIPCIÓN FÍSICA
Extensión 40 páginas
490 ## - MENCIÓN DE SERIE
Mención de serie Pensamiento político
650 #7 - PUNTO DE ACCESO ADICIONAL DE MATERIA--TÉRMINO DE MATERIA
Fuente del encabezamiento o término lemb
Término de materia o nombre geográfico como elemento de entrada Jueces
650 #7 - PUNTO DE ACCESO ADICIONAL DE MATERIA--TÉRMINO DE MATERIA
Fuente del encabezamiento o término lemb
Término de materia o nombre geográfico como elemento de entrada Corrupción del poder judicial
9 (RLIN) 103679
653 ## - TÉRMINO DE INDIZACIÓN--NO CONTROLADO
Término no controlado Jueces -- Moral
951 ## - EQUIVALENCIA O REFERENCIA-CRUZADA--NOMBRE GEOGRÁFICO/NOMBRE DE ÁREA [OBSOLETO] [solamente CAN/MARC]
Nombre geográfico 20061022 10:18:00
942 ## - ELEMENTOS DE PUNTO DE ACCESO ADICIONAL (KOHA)
Tipo de ítem Koha Folleto
Fuente del sistema de clasificación o colocación Sistema de Clasificación Decimal Dewey
Existencias
Estado de retiro Estado de pérdida Fuente del sistema de clasificación o colocación No para préstamo Código de colección Localización permanente Fecha de adquisición Total de préstamos Signatura topográfica completa Código de barras Fecha visto por última vez Número de copia Precio válido a partir de Tipo de ítem Koha
  Disponible Sistema de Clasificación Decimal Dewey   Folletos - Dominicanos Biblioteca Central UNIBE 01/01/2025   F-RD 5962 F250083 06/05/2025 Ej. 1 06/05/2025 Folleto